Indian books in print 2002:(a bibliography of Indian books published in English language) (Record no. 399780)

000 -LEADER
fixed length control field 00525cam a22001457a 4500
008 - FIXED-LENGTH DATA ELEMENTS--GENERAL INFORMATION
fixed length control field 180718b2002 xxu||||| |||| 00| 0 eng d
082 ## - DEWEY DECIMAL CLASSIFICATION NUMBER
Classification number A2x54 Si64/2002
100 ## - MAIN ENTRY--PERSONAL NAME
Personal name Singh, Sher
245 ## - TITLE STATEMENT
Title Indian books in print 2002:(a bibliography of Indian books published in English language)
Statement of responsibility, etc. edited by Sher Singh and Bhawna Singh
260 ## - PUBLICATION, DISTRIBUTION, ETC.
Place of publication, distribution, etc. Delhi
Name of publisher, distributor, etc. Indian Bibliographies Bureau
Date of publication, distribution, etc. 2002
300 ## - PHYSICAL DESCRIPTION
Extent 3v.
500 ## - GENERAL NOTE
General note Contents; v.1., 1359p.; v.2., 1054p.; v.3., 951p.
650 ## - SUBJECT ADDED ENTRY--TOPICAL TERM
Topical term or geographic name entry element India - Bibliography
700 ## - ADDED ENTRY--PERSONAL NAME
Personal name Singh, Bhawna
Holdings
Withdrawn status Lost status Damaged status Not for loan Permanent Location Current Location Date acquired Full call number Barcode Date last seen Price effective from Koha item type
        Indian Institute of Public Administration Indian Institute of Public Administration 2002-06-18 A2x54 Si64/2002 77538 2018-07-21 2018-07-21 Book
        Indian Institute of Public Administration Indian Institute of Public Administration 2002-06-18 A2x54 Si64/2002 77537 2018-07-21 2018-07-21 Book
        Indian Institute of Public Administration Indian Institute of Public Administration 2002-06-18 A2x54 Si64/2002 77536 2018-07-21 2018-07-21 Book

Powered by Koha